000
00304nam a22001457a 4500
008
230404b ||||| |||| 00| 0 eng d
020
_a
9780737769593
041
_a
eng
080
_a
61
082
_a
61MER
100
_a
7
101
_a
INF
245
_a
MEDICAL TESTING
_c
MERINO .N
942
_2
udc
_c
BK
999
_c
59497
_d
59497